Bugatti step : Rubbish heap blues /
Saved in:
| Main Author: | |
|---|---|
| Other Authors: | , |
| Format: | Book |
| Language: | Czech |
| Published: |
Praha, :
Orbis,
1951.
|
| Edition: | 1. vydání |
| Series: | Taneční orchestr
|
| Physical Description: |
1 zväzok (nestránkované). |
| Tags: |
Add Tag
No Tags, Be the first to tag this record!
|
Titul je dostupný aj v ... 

MARC
| LEADER | 00000nam a22000002i 4500 | ||
|---|---|---|---|
| 001 | 000622607 | ||
| 005 | 20221121130334.0 | ||
| 008 | 190924s1951 xr e 000 0 cze d | ||
| 020 | |q (brožované) |c Kčs 35,00 | ||
| 040 | |a SVKKK |b slo |c SVKKK |e rda | ||
| 041 | 0 | |a cze | |
| 044 | |a xr |c CZ | ||
| 100 | 1 | |a Ježek, Jaroslav, |d 1906-1942 |4 cmp | |
| 245 | 1 | 0 | |a Bugatti step : |b Rubbish heap blues / |c instr. Z. Krotil a Z. Petr dle Ježkova originálu. |
| 250 | |a 1. vydání | ||
| 264 | 1 | |a Praha, : |b Orbis, |c 1951. | |
| 300 | |a 1 zväzok (nestránkované). | ||
| 336 | |a zápis hudby |b ntm |2 rdacontent | ||
| 337 | |a bez média |b n |2 rdamedia | ||
| 338 | |a zväzok |b nc |2 rdacarrier | ||
| 490 | 1 | |a Taneční orchestr |v č. 7 | |
| 500 | |a Záznam revízie | ||
| 700 | 1 | |a Krotil, Zdeněk, |d 1926-1984 |4 arr | |
| 700 | 1 | |a Petr, Zdeněk, |d 1919-1994 |4 arr | |
| 740 | 0 | 2 | |a Rubbish heap blues |
| 830 | 0 | |a Taneční orchestr | |
| 910 | |a svkkk | ||
| 998 | |a MU | ||
| 090 | |g SCKHL |k Sklad Pribinova 3. posch. |a V.4655 |j 69179 |i 2720861041 |s Prezenčne | ||
| 090 | |g SCKHL |k Sklad Pribinova 3. posch. |a V.4656 |j 69180 |i 2720861042 |s Prezenčne | ||